| 000 | 00000nam##2200000za#4500 |
| 001 | 9.615395 |
| 003 | CaOODSP |
| 005 | 20220111083447 |
| 007 | ta |
| 008 | 150406|2000||||xxc||||| f|0| 0 eng|d |
| 020 | |a0-662-29615-X |
| 022 | |a1713-0638 |
| 040 | |aCaOODSP|beng |
| 043 | |an-cn--- |
| 086 | 1 |aNE22-1/2000-7E |
| 110 | 1 |aCanada. |bNational Energy Board. |
| 245 | 10|aIn the matters of: Trans-Northern Pipelines Inc. : |bproposed suspension of service on the Don Valley Lateral |
| 260 | |aCalgary - Alberta : |bNational Energy Board |c2000. |
| 300 | |aiii, 19p. : |bfig., table ; |c28 cm. |
| 490 | 1 |aReasons for decision|x1713-0638 |
| 520 | 3 |aThe National Energy Board publishes reasons for decisions when it expects its decisions to influence actions beyond the particular case that was heard. The Board is an independent tribunal with responsibilities for regulating the oil, gas, and electricity industries. Its decisions affect the industry, energy consumers, and anyone who owns land or lives in the vicinity of pipeline and international power line rights of way. Its decisions aim to protect the public interest in safety, environmental protection, and economic efficiency. |
| 563 | |aSoftcover |
| 590 | |a01-01|b2001-01-05 |
| 775 | 08|tMotifs de décision: pipelines Trans-Nord Inc. : |w(CaOODSP)9.625483 |
| 776 | 0#|tReasons for decision in the matter of Trans-Northern Pipelines Inc. : |w(CaOODSP)9.572603 |
| 830 | #0|aReasons for decision (Canada. National Energy Board)|x1713-0638|w(CaOODSP)9.514808 |
| 986 | |aMH-3-2000 |